| 000 | 00741nam a2200229 a 4500 | ||
|---|---|---|---|
| 001 | 25510 | ||
| 003 | CO-ViMGA | ||
| 008 | 141112s2004 ck r 000 u spa d | ||
| 015 | _ack - 2007 - xxxx | ||
| 020 | _a9789580511128 | ||
| 040 |
_aCO-ViMGA _bspa _cCO-ViMGA |
||
| 082 | 0 | 4 | _a394.25 G99d |
| 100 | 1 |
_aGuzmán Martínez, Clemencia _938954 |
|
| 245 | 1 | 0 |
_aDe los carnavales y otras rumbas : _bfolclor colombiano / _cClemencia Guzmán Martínez |
| 250 | _a1a. ed. | ||
| 260 |
_aBogotá : _bGrupo Editorial Educar, _c2007 |
||
| 300 | _a248, [6] p. de láms. : il., mapas ; 24 cm | ||
| 504 | _aIncluye bibliografía al final de cada capítulo. | ||
| 650 | 1 | 4 |
_aFestivales - Colombia _928559 |
| 917 | _a3293 20070615 | ||
| 942 |
_2ddc _cBK |
||
| 999 |
_c33093 _d33093 |
||